000 00358nam a2200145Ia 4500
005 20240807061918.0
008 240806s9999||||xx |||||||||||||| ||eng||
041 _aeng
100 _aJhalte, Dangal
245 0 _aPrayojan moolak hindi "siddhant aur prayog" /
_cJhalte, Dangal
260 _bVani Prakashan
300 _a244p.
650 _aHindi
942 _cBK
999 _c2776
_d2776